书目信息 |
| 题名: |
电力电子学与能源变换系统
|
|
| 作者: | 约伊诺维奇 著 ;刘鹿生 译 | |
| 分册: | Volume 1 Fundamentals and hard-switching converters | |
| 出版信息: | 北京 电子工业出版社 2017.01 |
|
| 页数: | 12,610页 | |
| 开本: | 26cm | |
| 丛书名: | 经典译丛 | |
| 单 册: | ||
| 中图分类: | TM1 , TN624 | |
| 科图分类: | ||
| 主题词: | 电力电子学 , 开关--变换器 | |
| 电子资源: | ||
| ISBN: | 978-7-121-30166-7 | |
| 000 | 01707oam2 2200325 450 | |
| 001 | 0120172102748 | |
| 005 | 20170424094113.87 | |
| 010 | @a978-7-121-30166-7@dCNY118.00 | |
| 100 | @a20170113d2017 em y0chiy50 ea | |
| 101 | 1 | @achi@cheb |
| 102 | @aCN@b110000 | |
| 105 | @aak z 000yy | |
| 106 | @ar | |
| 200 | 1 | @a电力电子学与能源变换系统@9dian li dian zi xue yu neng yuan bian huan xi tong@e概论与硬开关变换器@dPower electronics and energy conversion systems@hVolume 1@iFundamentals and hard-switching converters@f(以)Adrian Ioinovici著@g刘鹿生[等]译@zeng |
| 210 | @a北京@c电子工业出版社@d2017.01 | |
| 215 | @a12,610页@c图@d26cm | |
| 225 | 2 | @a经典译丛@i电力电子学 |
| 330 | @a本书主要讲述了电力电子与能源变换的相关知识,包括理论、设计和应用,涉及基本知识、应用实践、电路设计和最新发展。全书共分4章:第1章简要阐述能源变换的主要内容;第2章集中于开关型变换器建模的综合研究;第3章详细讨论了硬开关变换器,电压驱动与电流驱动的推挽,半桥和全桥变换器等器件;第4章主要讲述电流倍加、三倍与倍增整流器、电压倍加与倍增整流器。 | |
| 333 | @a本书可作为电气工程专业电力电子方向本科生、研究生教学或参考用书,也可供工业领域从事电力电子技术应用及微电子技术的工程技术人员作为参考资料 | |
| 462 | 0 | @12001 @a经典译丛@i电力电子学 |
| 510 | 1 | @aPower electronics and energy conversion systems@hVolume 1@iFundamentals and hard-switching converters@zeng |
| 517 | 1 | @a概论与硬开关变换器@9gai lun yu ying kai guan bian huan qi |
| 606 | 0 | @a电力电子学 |
| 606 | 0 | @a开关@x变换器 |
| 690 | @aTM1@v5 | |
| 690 | @aTN624@v5 | |
| 701 | 0 | @c(以)@a约伊诺维奇@9yue yi nuo wei qi@c(Ioinovici, Adrian)@4著 |
| 702 | 0 | @a刘鹿生@9liu lu sheng@4译 |
| 801 | 0 | @aCN@b人天书店@c20170113 |
| 905 | @b988539-41@dTM1@e168:1@f3 | |
| 电力电子学与能源变换系统:概论与硬开关变换器=Power electronics and energy conversion systems.Volume 1.Fundamentals and hard-switching converters/(以)Adrian Ioinovici著/刘鹿生[等]译.-北京:电子工业出版社,2017.01 |
| 12,610页:图;26cm.-(经典译丛.电力电子学) |
| 使用对象:本书可作为电气工程专业电力电子方向本科生、研究生教学或参考用书,也可供工业领域从事电力电子技术应用及微电子技术的工程技术人员作为参考资料 |
| ISBN 978-7-121-30166-7:CNY118.00 |
| 本书主要讲述了电力电子与能源变换的相关知识,包括理论、设计和应用,涉及基本知识、应用实践、电路设计和最新发展。全书共分4章:第1章简要阐述能源变换的主要内容;第2章集中于开关型变换器建模的综合研究;第3章详细讨论了硬开关变换器,电压驱动与电流驱动的推挽,半桥和全桥变换器等器件;第4章主要讲述电流倍加、三倍与倍增整流器、电压倍加与倍增整流器。 |
| ● |
| 相关链接 |
|
|
|
|
正题名:电力电子学与能源变换系统
索取号:TM1/168:1
 
预约/预借
| 序号 | 登录号 | 条形码 | 馆藏地/架位号 | 状态 | 备注 |
| 1 | 988539 | 209885392 | 第二样本阅览室/ [索取号:TM1/168:1] | 在馆 | |
| 2 | 988540 | 209885409 | 密集书库-物理学院/ [索取号:TM1/168:1] | 在馆 | |
| 3 | 988541 | 209885418 | 第三借阅区/ [索取号:TM1/168:1] | 在馆 |